00911nam a22002297a 45000010005000000030006000050050017000110080041000280400029000690820010000981000022001082450125001302600075002553000049003304900029003795050008004085200162004165210020005785210020005987000036006187000027006549765FISKH20260212124211.0260212b cb ||||| |||| 00| 0 eng d aFISKHbengcFISKHdFISKH a629.4 aSorensen , Monica aBeyond the earth : bThe sky's the limit / cby Monica Sorensen : Illustrated by Rich Stormwall : Edited by Ruth Berman  aMinneapolis, Minnesota : bMinnesota Department of Education ,c1995 . a17 pages : billustrations ; c20 X 26 cm .  aThe sky's the limit vIV aV  aThe book focuses on how humans have pushed past Earth’s boundaries to explore outer space using rockets, satellites, space shuttles, and modern spacecraft.8 a850 bLexile 8 aV bRaz-Plus  aStormwall , Rich eIllustrator  aBerman , RutheEditor